00924nam a22002537b 4500003000500000005001700005008004100022020003000063040002400093041001400117082001300131100003400144245008200178250001900260260004900279300002200328655002600350655003000376655003600406700004000442942004800482999001900530952012100549322820260317011359.0260316b sa ||||j |||| 00| 1 AFR d a9780799340754 (paperback) aMPLbengc3228erda aAfrikaans 0aATF DEVI aDe Villiers, Leoneauthor964 aErik en die Kido-dinges /cLeon de Villiers ; illustrasies deur Nicolene Louw aTweede uitgawe aPretoria :bLAPA uitgewers ,c©2003,c2010. a72 pages :c21 cm 09188476aYouth Fiction 09188659aAdventure Stories 09188670aHuman Relations Fiction 9186056aLouw, Nicoleneeillustrator 2ddccBKw296xPhillipina NaudeyzCRON CRON c794207d794206 00102ddc40708FaKLIPLbKLIPLcFICd2026-03-16l0oATF DEVIp33228017876655r2026-03-16w2026-03-16yBKz166128/A